| 000 | 00404pab a2200145 454500 | ||
|---|---|---|---|
| 008 | 180718b2013 xxu||||| |||| 00| 0 eng d | ||
| 100 | _aBurnell, Peter | ||
| 245 | _aDemocratisation in the middle east and north africa: Perspectives from democracy support | ||
| 260 | _c2013 | ||
| 300 | _ap.838-855. | ||
| 650 | _aDemocratization | ||
| 773 | _aThird World Quarterly | ||
| 908 | _aN | ||
| 909 | _a100974 | ||
| 999 |
_c100973 _d100973 |
||